[Event "1st Stars Cup 2016"]
[Site "Guilan, Iran"]
[Date "2016.07.12"]
[Round "2"]
[Board "7"]
[White "Lu, Shanglei"]
[Black "Firouzja, Alireza"]
[Result "1-0"]
[WhiteElo "2611"]
[BlackElo "2481"]
[PlyCount "0"]
[EventDate "2016.07.11"]
[EventType "team"]
[EventRounds "10"]
[EventCountry "IRI"]
[WhiteTeam "World Stars"]
[BlackTeam "Iran Stars"]

1. e4 {[%clk 1:30:56]} e5 {[%clk 1:30:46]} 2. Nf3 {[%clk 1:27:34]} Nc6
{[%clk 1:30:51]} 3. g3 {[%clk 1:26:48]} Nf6 {[%clk 1:30:50]} 4. d3
{[%clk 1:27:04]} Bc5 {[%clk 1:26:39]} 5. Bg2 {[%clk 1:27:25]} O-O
{[%clk 1:26:17]} 6. O-O {[%clk 1:27:48]} d5 {[%clk 1:23:13]} 7. Qe2
{[%clk 1:21:07]} dxe4 {[%clk 1:22:18]} 8. dxe4 {[%clk 1:21:31]} h6
{[%clk 1:19:02]} 9. c3 {[%clk 1:19:47]} a5 {[%clk 1:19:18]} 10. Rd1
{[%clk 1:08:11]} Qe7 {[%clk 1:18:33]} 11. Nbd2 {[%clk 1:08:39]} Rd8
{[%clk 1:15:31]} 12. h3 {[%clk 1:04:22]} b6 {[%clk 1:10:32]} 13. Nb3
{[%clk 1:02:49]} Ba6 {[%clk 1:03:35]} 14. Rxd8+ {[%clk 1:03:02]} Qxd8
{[%clk 1:02:49]} 15. Qe1 {[%clk 1:03:11]} Bf8 {[%clk 1:02:15]} 16. Be3
{[%clk 1:02:27]} Qd3 {[%clk 1:01:22]} 17. Rd1 {[%clk 0:52:41]} Qe2
{[%clk 1:01:08]} 18. Qxe2 {[%clk 0:52:25]} Bxe2 {[%clk 1:01:24]} 19. Re1
{[%clk 0:52:03]} Bd3 {[%clk 0:58:20]} 20. Nfd2 {[%clk 0:50:49]} Rd8
{[%clk 0:56:13]} 21. a4 {[%clk 0:45:37]} Nd7 {[%clk 0:50:18]} 22. Bf1
{[%clk 0:35:09]} Bxf1 {[%clk 0:46:49]} 23. Nxf1 {[%clk 0:34:28]} Rb8
{[%clk 0:40:37]} 24. Rd1 {[%clk 0:29:46]} Nf6 {[%clk 0:40:09]} 25. Nfd2
{[%clk 0:30:11]} Ne8 {[%clk 0:35:12]} 26. Nc4 {[%clk 0:26:55]} Nd6
{[%clk 0:33:35]} 27. Nxd6 {[%clk 0:25:29]} Bxd6 {[%clk 0:33:59]} 28. Nd2
{[%clk 0:24:54]} Rd8 {[%clk 0:30:16]} 29. Nc4 {[%clk 0:25:22]} Be7
{[%clk 0:30:09]} 30. Rd5 {[%clk 0:24:52]} f6 {[%clk 0:25:48]} 31. f4
{[%clk 0:25:18]} h5 {[%clk 0:24:29]} 32. Kg2 {[%clk 0:24:01]} g6 {[%clk 0:21:16]}
33. Kf3 {[%clk 0:21:49]} Kg7 {[%clk 0:20:02]} 34. h4 {[%clk 0:18:04]} Kg8
{[%clk 0:19:01]} 35. Kf2 {[%clk 0:18:09]} Kg7 {[%clk 0:17:41]} 36. Ke2
{[%clk 0:18:12]} Kg8 {[%clk 0:16:41]} 37. fxe5 {[%clk 0:18:25]} fxe5
{[%clk 0:16:26]} 38. Bg5 {[%clk 0:18:51]} Bxg5 {[%clk 0:11:51]} 39. hxg5
{[%clk 0:19:13]} Rf8 {[%clk 0:10:56]} 40. Nxe5 {[%clk 0:18:45]} Nxe5
{[%clk 0:10:59]} 41. Rxe5 {[%clk 0:19:10]} Kf7 {[%clk 0:10:58]} 42. Kd3
{[%clk 0:19:28]} Kg8 {[%clk 0:10:37]} 43. Ke3 {[%clk 0:19:16]} Rf1
{[%clk 0:09:14]} 44. Re6 {[%clk 0:19:15]} Rb1 {[%clk 0:09:19]} 45. Rxg6+
{[%clk 0:18:43]} Kh7 {[%clk 0:09:22]} 46. Rc6 {[%clk 0:18:16]} Rxb2
{[%clk 0:09:44]} 47. e5 {[%clk 0:18:21]} Rb1 {[%clk 0:09:34]} 48. Ke4
{[%clk 0:16:53]} Rf1 {[%clk 0:08:48]} 49. c4 {[%clk 0:10:34]} Kg7
{[%clk 0:07:47]} 50. Rf6 {[%clk 0:10:59]} Rc1 {[%clk 0:06:45]} 51. Kd5
{[%clk 0:10:55]} Rd1+ {[%clk 0:06:52]} 52. Kc6 {[%clk 0:10:42]} Rd4
{[%clk 0:05:30]} 53. Rf4 {[%clk 0:10:28]} Rxf4 {[%clk 0:05:35]} 54. gxf4
{[%clk 0:10:54]} h4 {[%clk 0:05:59]} 55. e6 {[%clk 0:11:18]} h3 {[%clk 0:06:25]}
56. e7 {[%clk 0:11:44]} h2 {[%clk 0:06:52]} 57. e8=Q {[%clk 0:12:07]} h1=Q+
{[%clk 0:07:17]} 58. Kxc7 {[%clk 0:12:32]} Qc1 {[%clk 0:07:11]} 59. Qe5+
{[%clk 0:11:55]} Kg8 {[%clk 0:06:24]} 60. Qe6+ {[%clk 0:12:13]} Kh8
{[%clk 0:06:49]} 61. f5 {[%clk 0:11:55]} Qf4+ {[%clk 0:06:52]} 62. Kb7
{[%clk 0:12:15]} b5 {[%clk 0:06:26]} 63. cxb5 {[%clk 0:10:15]} Qf3+
{[%clk 0:06:34]} 64. Qc6 {[%clk 0:10:33]} Qb3 {[%clk 0:06:35]} 65. Qh6+
{[%clk 0:10:47]} 1-0

[Event "1st Stars Cup 2016"]
[Site "Guilan, Iran"]
[Date "2016.07.12"]
[Round "2"]
[Board "8"]
[White "Maghsoodloo, Parham"]
[Black "Mchedlishvili, Mikheil"]
[Result "1-0"]
[WhiteElo "2501"]
[BlackElo "2604"]
[PlyCount "0"]
[EventDate "2016.07.11"]
[EventType "team"]
[EventRounds "10"]
[EventCountry "IRI"]
[WhiteTeam "Iran Stars"]
[BlackTeam "World Stars"]

1. Nf3 {[%clk 1:29:50]} d5 {[%clk 1:28:28]} 2. g3 {[%clk 1:28:38]} Bg4
{[%clk 1:27:13]} 3. Bg2 {[%clk 1:28:03]} c6 {[%clk 1:26:52]} 4. d4
{[%clk 1:24:50]} e6 {[%clk 1:25:26]} 5. Nbd2 {[%clk 1:25:00]} Nf6
{[%clk 1:22:47]} 6. c4 {[%clk 1:24:37]} Nbd7 {[%clk 1:22:25]} 7. O-O
{[%clk 1:24:07]} Bd6 {[%clk 1:20:40]} 8. b3 {[%clk 1:23:00]} O-O {[%clk 1:19:47]}
9. Bb2 {[%clk 1:22:27]} Re8 {[%clk 1:13:47]} 10. Rc1 {[%clk 1:16:15]} a5
{[%clk 1:13:32]} 11. Ne5 {[%clk 1:11:05]} Bh5 {[%clk 1:10:50]} 12. f3
{[%clk 1:07:40]} Qc7 {[%clk 0:51:19]} 13. Nd3 {[%clk 1:05:13]} Qb8
{[%clk 0:46:26]} 14. e3 {[%clk 0:55:49]} e5 {[%clk 0:42:47]} 15. dxe5
{[%clk 0:52:07]} Nxe5 {[%clk 0:42:56]} 16. Nf4 {[%clk 0:52:30]} Bg6
{[%clk 0:40:23]} 17. cxd5 {[%clk 0:48:26]} cxd5 {[%clk 0:37:18]} 18. Nb1
{[%clk 0:46:52]} a4 {[%clk 0:27:43]} 19. Bd4 {[%clk 0:42:32]} Bxb1
{[%clk 0:22:57]} 20. Rxb1 {[%clk 0:42:43]} Ned7 {[%clk 0:17:54]} 21. bxa4
{[%clk 0:41:52]} Be5 {[%clk 0:17:50]} 22. Rb5 {[%clk 0:40:45]} Bxd4
{[%clk 0:13:55]} 23. exd4 {[%clk 0:36:36]} Qa7 {[%clk 0:14:01]} 24. a5
{[%clk 0:35:39]} Ne5 {[%clk 0:12:54]} 25. Nxd5 {[%clk 0:32:53]} Nxd5
{[%clk 0:12:47]} 26. Rxd5 {[%clk 0:33:00]} Rad8 {[%clk 0:11:21]} 27. f4
{[%clk 0:29:59]} Nc6 {[%clk 0:10:32]} 28. Re1 {[%clk 0:28:40]} Rf8
{[%clk 0:10:38]} 29. Qb3 {[%clk 0:26:30]} Rxd5 {[%clk 0:09:46]} 30. Bxd5
{[%clk 0:26:20]} Nxd4 {[%clk 0:08:11]} 31. Qb6 {[%clk 0:26:37]} 1-0

[Event "1st Stars Cup 2016"]
[Site "Guilan, Iran"]
[Date "2016.07.12"]
[Round "2"]
[Board "9"]
[White "Ehlvest, Jaan"]
[Black "Khademalsharieh, Sarasadat"]
[Result "1-0"]
[WhiteElo "2524"]
[BlackElo "2445"]
[PlyCount "0"]
[EventDate "2016.07.11"]
[EventType "team"]
[EventRounds "10"]
[EventCountry "IRI"]
[WhiteTeam "World Stars"]
[BlackTeam "Iran Stars"]

1. Nf3 {[%clk 1:30:56]} Nf6 {[%clk 1:30:42]} 2. g3 {[%clk 1:31:19]} d5
{[%clk 1:30:47]} 3. Bg2 {[%clk 1:31:43]} c6 {[%clk 1:30:57]} 4. d3
{[%clk 1:32:02]} Bg4 {[%clk 1:30:30]} 5. Nbd2 {[%clk 1:31:43]} Nbd7
{[%clk 1:30:52]} 6. h3 {[%clk 1:31:52]} Bh5 {[%clk 1:30:57]} 7. O-O
{[%clk 1:32:13]} e6 {[%clk 1:29:37]} 8. e4 {[%clk 1:31:24]} Be7 {[%clk 1:26:40]}
9. Re1 {[%clk 1:31:32]} O-O {[%clk 1:25:34]} 10. e5 {[%clk 1:28:47]} Ne8
{[%clk 1:25:57]} 11. g4 {[%clk 1:28:32]} Bg6 {[%clk 1:26:22]} 12. Nf1
{[%clk 1:28:58]} Nc7 {[%clk 1:24:01]} 13. Bf4 {[%clk 1:26:57]} c5
{[%clk 1:20:50]} 14. Ng3 {[%clk 1:24:41]} Rc8 {[%clk 1:12:34]} 15. g5
{[%clk 1:22:32]} f6 {[%clk 0:50:56]} 16. exf6 {[%clk 1:09:33]} gxf6
{[%clk 0:50:12]} 17. gxf6 {[%clk 1:07:18]} Bxf6 {[%clk 0:46:10]} 18. Qd2
{[%clk 1:06:47]} Bxb2 {[%clk 0:37:44]} 19. Rab1 {[%clk 1:02:35]} Qf6
{[%clk 0:38:06]} 20. Ne2 {[%clk 0:55:00]} Bh5 {[%clk 0:22:06]} 21. Bg5
{[%clk 0:53:49]} Qf7 {[%clk 0:22:09]} 22. Rxb2 {[%clk 0:32:45]} Bxf3
{[%clk 0:22:12]} 23. Rxb7 {[%clk 0:30:59]} Bxg2 {[%clk 0:22:04]} 24. Nf4
{[%clk 0:31:18]} Bf3 {[%clk 0:21:01]} 25. Re3 {[%clk 0:28:33]} Bh5
{[%clk 0:18:39]} 26. Bh6 {[%clk 0:27:10]} Kh8 {[%clk 0:16:36]} 27. Bxf8
{[%clk 0:24:22]} Nxf8 {[%clk 0:15:40]} 28. Rg3 {[%clk 0:19:00]} e5
{[%clk 0:14:17]} 29. Nxh5 {[%clk 0:11:05]} Qxh5 {[%clk 0:14:42]} 30. Qg5
{[%clk 0:08:06]} Qxg5 {[%clk 0:13:57]} 31. Rxg5 {[%clk 0:07:46]} Ng6
{[%clk 0:13:44]} 32. Rf5 {[%clk 0:08:00]} Ne6 {[%clk 0:13:08]} 33. Rff7
{[%clk 0:07:31]} Ng5 {[%clk 0:11:45]} 34. Rfc7 {[%clk 0:06:53]} Rf8
{[%clk 0:10:43]} 35. Rxa7 {[%clk 0:05:46]} Nxh3+ {[%clk 0:10:54]} 36. Kf1
{[%clk 0:05:17]} Ng5 {[%clk 0:10:59]} 37. a4 {[%clk 0:05:17]} e4 {[%clk 0:05:11]}
38. dxe4 {[%clk 0:05:07]} dxe4 {[%clk 0:05:35]} 39. Rxc5 {[%clk 0:02:37]} Ne6
{[%clk 0:05:14]} 40. Rc6 {[%clk 0:02:14]} Ngf4 {[%clk 0:02:33]} 41. Rca6
{[%clk 0:02:05]} Rf5 {[%clk 0:02:54]} 42. Re7 {[%clk 0:02:01]} Rf6
{[%clk 0:01:07]} 43. a5 {[%clk 0:01:26]} h5 {[%clk 0:00:59]} 44. Ra8+
{[%clk 0:00:59]} Nf8 {[%clk 0:01:24]} 45. a6 {[%clk 0:00:53]} Nd5
{[%clk 0:00:43]} 46. Ree8 {[%clk 0:00:44]} Kg7 {[%clk 0:01:00]} 47. Rxe4
{[%clk 0:01:02]} Ne6 {[%clk 0:01:04]} 48. Rc8 {[%clk 0:00:56]} Nec7
{[%clk 0:00:48]} 49. a7 {[%clk 0:00:57]} Ra6 {[%clk 0:01:02]} 50. Rxc7+
{[%clk 0:01:04]} 1-0

[Event "1st Stars Cup 2016"]
[Site "Guilan, Iran"]
[Date "2016.07.12"]
[Round "2"]
[Board "10"]
[White "Vakhidov, Jahongir"]
[Black "Gholami, Aryan"]
[Result "1/2-1/2"]
[WhiteElo "2586"]
[BlackElo "2454"]
[PlyCount "0"]
[EventDate "2016.07.11"]
[EventType "team"]
[EventRounds "10"]
[EventCountry "IRI"]
[WhiteTeam "World Stars"]
[BlackTeam "Iran Stars"]

1. Nf3 {[%clk 1:30:50]} Nf6 {[%clk 1:30:37]} 2. c4 {[%clk 1:29:52]} e6
{[%clk 1:30:31]} 3. Nc3 {[%clk 1:26:31]} d5 {[%clk 1:29:18]} 4. d4
{[%clk 1:26:24]} dxc4 {[%clk 1:29:37]} 5. e4 {[%clk 1:26:23]} Bb4
{[%clk 1:29:55]} 6. Bxc4 {[%clk 1:26:31]} Nxe4 {[%clk 1:29:33]} 7. O-O
{[%clk 1:26:39]} Nxc3 {[%clk 1:29:05]} 8. bxc3 {[%clk 1:26:59]} Be7
{[%clk 1:29:28]} 9. Ne5 {[%clk 1:27:03]} O-O {[%clk 1:29:47]} 10. Qg4
{[%clk 1:27:10]} Nc6 {[%clk 1:27:47]} 11. Re1 {[%clk 1:27:17]} f5
{[%clk 1:25:54]} 12. Nxc6 {[%clk 0:40:39]} fxg4 {[%clk 1:14:50]} 13. Nxd8
{[%clk 0:41:06]} Rxd8 {[%clk 1:15:18]} 14. Re4 {[%clk 0:35:02]} h5
{[%clk 1:11:42]} 15. Re5 {[%clk 0:35:30]} g6 {[%clk 1:06:54]} 16. Bg5
{[%clk 0:35:32]} Bxg5 {[%clk 1:05:56]} 17. Rxg5 {[%clk 0:35:58]} Kf7
{[%clk 1:06:09]} 18. f3 {[%clk 0:29:53]} Kf6 {[%clk 0:45:13]} 19. Rc5
{[%clk 0:30:05]} gxf3 {[%clk 0:43:05]} 20. Rf1 {[%clk 0:30:32]} Bd7
{[%clk 0:43:04]} 21. Rxf3+ {[%clk 0:30:42]} Ke7 {[%clk 0:43:28]} 22. Rg3
{[%clk 0:29:36]} b6 {[%clk 0:38:37]} 23. Rcg5 {[%clk 0:26:05]} Be8
{[%clk 0:38:16]} 24. Bd3 {[%clk 0:23:14]} Rd5 {[%clk 0:34:30]} 25. Rxd5
{[%clk 0:23:34]} exd5 {[%clk 0:34:58]} 26. Bxg6 {[%clk 0:23:50]} Kf6
{[%clk 0:35:15]} 27. Bd3 {[%clk 0:24:15]} Bf7 {[%clk 0:34:01]} 28. Rf3+
{[%clk 0:24:41]} Kg7 {[%clk 0:34:15]} 29. Kf2 {[%clk 0:25:05]} Re8
{[%clk 0:33:06]} 30. Re3 {[%clk 0:22:43]} Kf6 {[%clk 0:32:08]} 31. Rf3+
{[%clk 0:22:58]} Kg7 {[%clk 0:32:31]} 32. Rf5 {[%clk 0:16:56]} c5
{[%clk 0:26:02]} 33. Be2 {[%clk 0:17:17]} Kg6 {[%clk 0:24:32]} 34. Rxf7
{[%clk 0:10:00]} Rxe2+ {[%clk 0:24:59]} 35. Kxe2 {[%clk 0:10:23]} Kxf7
{[%clk 0:25:24]} 36. dxc5 {[%clk 0:10:38]} bxc5 {[%clk 0:25:52]} 37. Ke3
{[%clk 0:10:52]} Kf6 {[%clk 0:21:19]} 38. Kf4 {[%clk 0:11:20]} h4
{[%clk 0:18:55]} 39. a4 {[%clk 0:11:49]} a5 {[%clk 0:19:13]} 40. g4
{[%clk 0:05:09]} hxg3 {[%clk 0:19:41]} 41. Kxg3 {[%clk 0:03:22]} Kg5
{[%clk 0:17:58]} 42. h3 d4 43. cxd4 {[%clk 0:01:20]} cxd4 {[%clk 0:16:35]} 44.
Kf3 {[%clk 0:01:40]} Kh4 {[%clk 0:16:46]} 45. Ke4 {[%clk 0:02:03]} Kxh3
{[%clk 0:17:13]} 46. Kxd4 {[%clk 0:02:26]} Kg4 {[%clk 0:17:39]} 47. Kc5
{[%clk 0:02:50]} Kf5 {[%clk 0:18:05]} 48. Kb6 {[%clk 0:03:13]} Ke6
{[%clk 0:18:32]} 49. Kxa5 {[%clk 0:03:37]} Kd7 {[%clk 0:18:58]} 50. Kb6
{[%clk 0:04:02]} Kc8 {[%clk 0:19:25]} 1/2-1/2

[Event "1st Stars Cup 2016"]
[Site "Guilan, Iran"]
[Date "2016.07.13"]
[Round "3"]
[Board "1"]
[White "Sargissian, Gabriel"]
[Black "Darini, Pouria"]
[Result "1/2-1/2"]
[WhiteElo "2679"]
[BlackElo "2524"]
[PlyCount "0"]
[EventDate "2016.07.11"]
[EventType "team"]
[EventRounds "10"]
[EventCountry "IRI"]
[WhiteTeam "World Stars"]
[BlackTeam "Iran Stars"]

1. d4 {[%clk 1:30:47]} Nf6 {[%clk 1:30:50]} 2. c4 {[%clk 1:30:43]} g6
{[%clk 1:31:12]} 3. Nf3 {[%clk 1:31:05]} Bg7 {[%clk 1:31:30]} 4. g3
{[%clk 1:31:29]} O-O {[%clk 1:31:52]} 5. Bg2 {[%clk 1:31:54]} d5 {[%clk 1:32:16]}
6. O-O {[%clk 1:32:04]} dxc4 {[%clk 1:31:49]} 7. Na3 {[%clk 1:31:24]} c3
{[%clk 1:32:10]} 8. bxc3 {[%clk 1:31:48]} c5 {[%clk 1:32:36]} 9. e3
{[%clk 1:31:49]} Nc6 {[%clk 1:32:54]} 10. Qe2 {[%clk 1:29:53]} Nd5
{[%clk 1:31:08]} 11. Bb2 {[%clk 1:24:58]} Nb6 {[%clk 1:31:26]} 12. Rac1
{[%clk 1:10:36]} Qd5 {[%clk 1:25:13]} 13. Qb5 {[%clk 0:59:07]} Qh5
{[%clk 1:13:16]} 14. Nd2 {[%clk 0:42:00]} Bd7 {[%clk 1:03:54]} 15. Qd3
{[%clk 0:42:04]} Rad8 {[%clk 0:55:54]} 16. Qc2 {[%clk 0:23:34]} Bh3
{[%clk 0:41:17]} 17. Bxh3 {[%clk 0:22:14]} Qxh3 {[%clk 0:41:41]} 18. Ne4
{[%clk 0:21:24]} cxd4 {[%clk 0:32:10]} 19. cxd4 {[%clk 0:21:31]} Rd5
{[%clk 0:18:40]} 1/2-1/2

[Event "1st Stars Cup 2016"]
[Site "Guilan, Iran"]
[Date "2016.07.13"]
[Round "3"]
[Board "2"]
[White "Dreev, Aleksey"]
[Black "Lorparizangeneh, Shahin"]
[Result "1/2-1/2"]
[WhiteElo "2664"]
[BlackElo "2468"]
[PlyCount "0"]
[EventDate "2016.07.11"]
[EventType "team"]
[EventRounds "10"]
[EventCountry "IRI"]
[WhiteTeam "World Stars"]
[BlackTeam "Iran Stars"]

1. d4 {[%clk 1:30:58]} Nf6 {[%clk 1:30:46]} 2. Nf3 {[%clk 1:31:22]} e6
{[%clk 1:30:45]} 3. c4 {[%clk 1:31:09]} b6 {[%clk 1:31:09]} 4. a3
{[%clk 1:31:10]} Bb7 {[%clk 1:31:24]} 5. Nc3 {[%clk 1:31:27]} Ne4
{[%clk 1:29:49]} 6. Nxe4 {[%clk 1:31:35]} Bxe4 {[%clk 1:30:13]} 7. Nd2
{[%clk 1:32:02]} Bb7 {[%clk 1:30:35]} 8. e4 {[%clk 1:32:19]} g6 {[%clk 1:30:03]}
9. Bd3 {[%clk 1:31:12]} Bg7 {[%clk 1:30:27]} 10. Nf3 {[%clk 1:31:08]} O-O
{[%clk 1:30:09]} 11. O-O {[%clk 1:29:57]} d6 {[%clk 1:30:16]} 12. Bg5
{[%clk 1:26:24]} Qd7 {[%clk 1:30:18]} 13. Qd2 {[%clk 1:21:47]} Nc6
{[%clk 1:28:53]} 14. Bc2 {[%clk 1:14:03]} Na5 {[%clk 1:24:10]} 15. Qe2
{[%clk 0:53:27]} f5 {[%clk 1:14:13]} 16. Rac1 {[%clk 0:51:23]} Rae8
{[%clk 1:11:42]} 17. c5 {[%clk 0:34:03]} fxe4 {[%clk 1:01:24]} 18. Bxe4
{[%clk 0:33:53]} bxc5 {[%clk 0:54:36]} 19. dxc5 {[%clk 0:29:13]} Bxe4
{[%clk 0:39:29]} 20. Qxe4 {[%clk 0:28:33]} d5 {[%clk 0:39:51]} 21. c6
{[%clk 0:24:45]} Qxc6 {[%clk 0:35:06]} 22. Qe1 {[%clk 0:24:10]} Qb5
{[%clk 0:26:39]} 23. Rxc7 {[%clk 0:18:28]} Nc4 {[%clk 0:25:55]} 24. Rxa7
{[%clk 0:14:00]} Qb6 {[%clk 0:23:11]} 25. Be3 {[%clk 0:07:51]} Nxe3
{[%clk 0:14:06]} 26. Qxe3 {[%clk 0:07:21]} d4 {[%clk 0:11:11]} 27. Rxg7+
{[%clk 0:04:23]} 1/2-1/2

[Event "1st Stars Cup 2016"]
[Site "Guilan, Iran"]
[Date "2016.07.13"]
[Round "3"]
[Board "3"]
[White "Edouard, Romain"]
[Black "Maghsoodloo, Parham"]
[Result "0-1"]
[WhiteElo "2639"]
[BlackElo "2501"]
[PlyCount "0"]
[EventDate "2016.07.11"]
[EventType "team"]
[EventRounds "10"]
[EventCountry "IRI"]
[WhiteTeam "World Stars"]
[BlackTeam "Iran Stars"]

1. d4 {[%clk 1:30:58]} Nf6 {[%clk 1:30:59]} 2. c4 {[%clk 1:31:23]} g6
{[%clk 1:30:31]} 3. Nc3 {[%clk 1:31:48]} d5 {[%clk 1:29:35]} 4. Nf3
{[%clk 1:32:03]} Bg7 {[%clk 1:29:59]} 5. Bf4 {[%clk 1:32:28]} O-O
{[%clk 1:29:50]} 6. Rc1 {[%clk 1:32:53]} c6 {[%clk 1:26:44]} 7. e3
{[%clk 1:32:10]} a6 {[%clk 1:21:27]} 8. Bd3 {[%clk 1:23:38]} b5 {[%clk 1:16:22]}
9. cxd5 {[%clk 1:23:43]} cxd5 {[%clk 1:16:41]} 10. O-O {[%clk 1:22:42]} Bb7
{[%clk 1:11:00]} 11. Nd2 {[%clk 1:15:56]} e6 {[%clk 1:06:12]} 12. Nb3
{[%clk 1:14:43]} Nh5 {[%clk 1:01:21]} 13. Nc5 {[%clk 1:12:17]} Nxf4
{[%clk 1:00:23]} 14. Nxb7 {[%clk 1:12:41]} Qe7 {[%clk 0:59:54]} 15. Nc5
{[%clk 1:12:48]} Nxd3 {[%clk 1:00:17]} 16. Qxd3 {[%clk 1:13:11]} Nd7
{[%clk 0:59:59]} 17. b4 {[%clk 1:04:33]} Nb6 {[%clk 0:59:19]} 18. Rfe1
{[%clk 1:04:09]} Rfd8 {[%clk 0:58:19]} 19. Ra1 {[%clk 0:57:53]} Qe8
{[%clk 0:56:43]} 20. a4 {[%clk 0:54:15]} Nc4 {[%clk 0:54:21]} 21. Re2
{[%clk 0:53:18]} bxa4 {[%clk 0:49:08]} 22. Rxa4 {[%clk 0:50:56]} a5
{[%clk 0:49:36]} 23. b5 {[%clk 0:48:48]} Bf8 {[%clk 0:47:36]} 24. Ra1
{[%clk 0:44:23]} Rac8 {[%clk 0:44:42]} 25. e4 {[%clk 0:39:48]} Bxc5
{[%clk 0:39:10]} 26. dxc5 {[%clk 0:40:13]} Rxc5 {[%clk 0:39:36]} 27. exd5
{[%clk 0:40:38]} Qf8 {[%clk 0:38:56]} 28. Qd4 {[%clk 0:31:40]} e5
{[%clk 0:35:54]} 29. Qd3 {[%clk 0:31:41]} f5 {[%clk 0:36:07]} 30. Na4
{[%clk 0:24:26]} Rdxd5 {[%clk 0:22:05]} 31. Qb3 {[%clk 0:23:54]} Rc8
{[%clk 0:22:34]} 32. Rc2 {[%clk 0:19:01]} Qb4 {[%clk 0:19:27]} 33. Qxb4
{[%clk 0:18:44]} axb4 {[%clk 0:19:56]} 34. Nb2 {[%clk 0:17:01]} Nb6
{[%clk 0:18:09]} 35. Rxc8+ {[%clk 0:17:28]} Nxc8 {[%clk 0:18:37]} 36. Ra8
{[%clk 0:17:52]} Rc5 {[%clk 0:19:06]} 37. Nd3 {[%clk 0:08:56]} b3
{[%clk 0:19:23]} 38. f4 {[%clk 0:09:10]} e4 {[%clk 0:16:46]} 39. b6
{[%clk 0:09:38]} exd3 {[%clk 0:17:11]} 40. b7 {[%clk 0:10:05]} d2
{[%clk 0:17:38]} 41. Ra1 {[%clk 0:08:10]} Rc1+ {[%clk 0:17:33]} 42. Kf2
{[%clk 0:08:38]} b2 {[%clk 0:17:36]} 43. Rb1 {[%clk 0:08:32]} d1=Q
{[%clk 0:17:59]} 0-1

[Event "1st Stars Cup 2016"]
[Site "Guilan, Iran"]
[Date "2016.07.13"]
[Round "3"]
[Board "4"]
[White "Short, Nigel D"]
[Black "Mousavi, Seyed Khalil"]
[Result "1-0"]
[WhiteElo "2652"]
[BlackElo "2432"]
[PlyCount "0"]
[EventDate "2016.07.11"]
[EventType "team"]
[EventRounds "10"]
[EventCountry "IRI"]
[WhiteTeam "World Stars"]
[BlackTeam "Iran Stars"]

1. Nf3 {[%clk 1:30:47]} c5 {[%clk 1:30:27]} 2. e4 {[%clk 1:30:36]} e6
{[%clk 1:30:31]} 3. d3 {[%clk 1:28:49]} Nc6 {[%clk 1:29:03]} 4. g3
{[%clk 1:29:13]} g6 {[%clk 1:28:28]} 5. Bg5 {[%clk 1:28:57]} Qc7 {[%clk 1:18:22]}
6. Bg2 {[%clk 1:24:03]} Bg7 {[%clk 1:17:12]} 7. Qc1 {[%clk 1:23:15]} h6
{[%clk 1:09:58]} 8. Be3 {[%clk 1:22:55]} Nge7 {[%clk 1:05:15]} 9. O-O
{[%clk 1:21:29]} Nd4 {[%clk 1:02:16]} 10. Re1 {[%clk 1:21:52]} d6
{[%clk 0:53:26]} 11. c3 {[%clk 1:03:57]} Nxf3+ {[%clk 0:52:13]} 12. Bxf3
{[%clk 1:04:20]} e5 {[%clk 0:49:49]} 13. b4 {[%clk 1:00:35]} b6 {[%clk 0:48:00]}
14. a4 {[%clk 1:00:46]} Bb7 {[%clk 0:44:16]} 15. a5 {[%clk 0:57:49]} h5
{[%clk 0:37:19]} 16. Nd2 {[%clk 0:49:03]} O-O {[%clk 0:36:18]} 17. Qb2
{[%clk 0:49:11]} Rab8 {[%clk 0:32:15]} 18. axb6 {[%clk 0:46:17]} axb6
{[%clk 0:32:02]} 19. Reb1 {[%clk 0:46:32]} Bc6 {[%clk 0:28:18]} 20. Bg2
{[%clk 0:36:01]} d5 {[%clk 0:23:58]} 21. Qc2 {[%clk 0:35:30]} d4 {[%clk 0:17:29]}
22. cxd4 {[%clk 0:35:15]} cxd4 {[%clk 0:17:41]} 23. Bxd4 {[%clk 0:34:44]} exd4
{[%clk 0:17:53]} 24. b5 {[%clk 0:35:09]} Qd7 {[%clk 0:12:03]} 25. bxc6
{[%clk 0:34:47]} Nxc6 {[%clk 0:12:20]} 26. Bh3 {[%clk 0:25:23]} Qxh3
{[%clk 0:10:18]} 27. Qxc6 {[%clk 0:25:48]} Rfc8 {[%clk 0:10:19]} 28. Qd5
{[%clk 0:26:13]} Rc3 {[%clk 0:06:22]} 29. Nf3 {[%clk 0:20:18]} Qe6
{[%clk 0:06:15]} 30. Qb5 {[%clk 0:20:42]} Rbc8 {[%clk 0:04:45]} 31. Kg2
{[%clk 0:20:30]} Qc6 {[%clk 0:02:09]} 32. Qa6 {[%clk 0:18:22]} Rb8
{[%clk 0:01:38]} 33. Rb4 {[%clk 0:17:35]} b5 {[%clk 0:00:51]} 34. Qxc6
{[%clk 0:17:46]} Rxc6 {[%clk 0:01:20]} 35. Rab1 {[%clk 0:17:32]} Rcb6
{[%clk 0:00:50]} 36. Nxd4 {[%clk 0:17:26]} Rd6 {[%clk 0:00:47]} 37. Nf3
{[%clk 0:16:31]} Rxd3 {[%clk 0:00:39]} 38. Rxb5 {[%clk 0:16:56]} Re8
{[%clk 0:00:36]} 39. Rb8 {[%clk 0:17:21]} Rdd8 {[%clk 0:01:00]} 40. Rxd8
{[%clk 0:17:42]} Rxd8 {[%clk 0:01:29]} 41. Rc1 {[%clk 0:16:09]} Re8
{[%clk 0:01:47]} 42. Rc4 {[%clk 0:16:35]} Bf6 {[%clk 0:02:11]} 43. Nd2
{[%clk 0:15:36]} Rd8 {[%clk 0:02:33]} 44. Rc2 {[%clk 0:15:28]} h4
{[%clk 0:01:22]} 45. g4 {[%clk 0:15:22]} Rd3 {[%clk 0:01:24]} 46. h3
{[%clk 0:15:48]} Rd4 {[%clk 0:01:34]} 47. f3 {[%clk 0:11:59]} Bg5
{[%clk 0:01:35]} 48. Nc4 {[%clk 0:12:14]} Bf4 {[%clk 0:01:31]} 49. Nb6
{[%clk 0:12:42]} Kg7 {[%clk 0:00:34]} 50. Nd5 {[%clk 0:13:06]} Bg3
{[%clk 0:00:33]} 51. g5 {[%clk 0:13:03]} Rd3 {[%clk 0:00:33]} 52. f4
{[%clk 0:11:27]} Rd4 {[%clk 0:00:33]} 53. Re2 {[%clk 0:11:48]} Rd3
{[%clk 0:00:33]} 54. Rc2 {[%clk 0:12:15]} Rd4 {[%clk 0:00:50]} 55. Rc8
{[%clk 0:11:57]} Rd2+ {[%clk 0:00:51]} 56. Kf3 {[%clk 0:12:15]} Rf2+
{[%clk 0:01:16]} 57. Ke3 {[%clk 0:09:16]} Rg2 {[%clk 0:00:34]} 58. e5
{[%clk 0:07:28]} Ra2 {[%clk 0:00:33]} 59. Kd3 {[%clk 0:04:47]} Ra3+
{[%clk 0:00:35]} 60. Kc2 {[%clk 0:05:13]} Bxf4 {[%clk 0:00:31]} 61. Nxf4
{[%clk 0:05:37]} Rf3 {[%clk 0:00:59]} 62. e6 {[%clk 0:04:50]} fxe6
{[%clk 0:00:50]} 63. Nxe6+ {[%clk 0:05:13]} Kh7 {[%clk 0:01:18]} 64. Rc3
{[%clk 0:05:25]} Rf2+ {[%clk 0:01:18]} 65. Kd3 {[%clk 0:05:36]} Kg8
{[%clk 0:01:19]} 66. Ke4 {[%clk 0:05:42]} 1-0